Relatos para dormir / (Registro nro. 3349)
[ vista simple ]
| 000 -LEADER | |
|---|---|
| fixed length control field | 00995nam a2200277Ia 4500 |
| 003 - CONTROL NUMBER IDENTIFIER | |
| control field | OSt |
| 005 - DATE AND TIME OF LATEST TRANSACTION | |
| control field | 20200217114621.0 |
| 008 - FIXED-LENGTH DATA ELEMENTS--GENERAL INFORMATION | |
| fixed length control field | 191128t2007 us a ar 000 j spa d |
| 020 ## - INTERNATIONAL STANDARD BOOK NUMBER | |
| International Standard Book Number | 9781412781589 |
| 040 ## - CATALOGING SOURCE | |
| Original cataloging agency | CO-JMCR |
| Transcribing agency | CO-JMCR |
| 041 1# - LANGUAGE CODE | |
| Language code of text/sound track or separate title | spa |
| Language code of original | eng |
| 082 04 - DEWEY DECIMAL CLASSIFICATION NUMBER | |
| Classification number | C / |
| Item number | RELr |
| 245 10 - TITLE STATEMENT | |
| Title | Relatos para dormir / |
| Statement of responsibility, etc. | traducción Magda Crisantes y Arlette de Alba |
| 260 ## - PUBLICATION, DISTRIBUTION, ETC. | |
| Place of publication, distribution, etc. | Lincolnwood ; |
| Name of publisher, distributor, etc. | Publications International, |
| Date of publication, distribution, etc. | ©2007 |
| 300 ## - PHYSICAL DESCRIPTION | |
| Extent | 37 páginas : |
| Other physical details | ilustraciones a color ; |
| Dimensions | 29 cm. |
| 490 0# - SERIES STATEMENT | |
| Series statement | Cuentos para crecer |
| 505 0# - FORMATTED CONTENTS NOTE | |
| Formatted contents note | Ricitos de oror y los tres ositos -- Ratones a la luna -- Estrellita -- Los cuatro amigos |
| 546 ## - LANGUAGE NOTE | |
| Language note | Traducido del inglés |
| 650 14 - SUBJECT ADDED ENTRY--TOPICAL TERM | |
| Topical term or geographic name entry element | Cuentos infantiles |
| 9 (RLIN) | 647 |
| 650 14 - SUBJECT ADDED ENTRY--TOPICAL TERM | |
| Topical term or geographic name entry element | Literatura infantil |
| 9 (RLIN) | 648 |
| 650 14 - SUBJECT ADDED ENTRY--TOPICAL TERM | |
| Topical term or geographic name entry element | Relatos para dormir |
| 9 (RLIN) | 649 |
| 700 1# - ADDED ENTRY--PERSONAL NAME | |
| Personal name | Crisantes, Magda, |
| Relator term | traductora |
| 9 (RLIN) | 650 |
| 700 1# - ADDED ENTRY--PERSONAL NAME | |
| Personal name | Alba, Arlette De, |
| Relator term | traductora |
| 9 (RLIN) | 651 |
| 799 ## - LOCAL ADDED ENTRY--UNIFORM TITLE (RLIN) | |
| Uniform title | Crisantes, Magda, traductora ; Alba, Arlette de, traductora |
| 942 ## - ADDED ENTRY ELEMENTS (KOHA) | |
| Source of classification or shelving scheme | Dewey Decimal Classification |
| Koha item type | Books |
| Withdrawn status | Lost status | Source of classification or shelving scheme | Damaged status | Not for loan | Collection code | Home library | Current library | Date acquired | Source of acquisition | Cost, normal purchase price | Total Checkouts | Total Renewals | Full call number | Barcode | Date last seen | Date last checked out | Copy number | Price effective from | Koha item type |
|---|---|---|---|---|---|---|---|---|---|---|---|---|---|---|---|---|---|---|---|
| Dewey Decimal Classification | Fiction | Biblioteca Pública José María del Castillo y Rada | Biblioteca Pública José María del Castillo y Rada | 02/16/2018 | Donación | 0.00 | 37 | 6 | C / RELr | 201806999 | 11/04/2025 | 11/04/2025 | Ej.1 | 11/28/2019 | Books |